Numerical methods in structural mechanics / (Record no. 546524)

000 -LEADER
fixed length control field 00561cam a2200169 a 4500
020 ## - INTERNATIONAL STANDARD BOOK NUMBER
International Standard Book Number 0784401705
082 00 - DEWEY DECIMAL CLASSIFICATION NUMBER
Classification number 624.17
Author Mark BIT
-- L-NUST, P-19
100 1# - MAIN ENTRY--PERSONAL NAME
Personal name Bittnar, Zdeněk.
9 (RLIN) 42673
245 10 - TITLE STATEMENT
Title Numerical methods in structural mechanics /
Statement of responsibility, etc. Zdeněk Bittnar, Jiří Šejnoha.
260 ## - PUBLICATION, DISTRIBUTION, ETC.
Place of publication, distribution, etc. New York :
Name of publisher, distributor, etc. ASCE Press ;
Place of publication, distribution, etc. London :
Name of publisher, distributor, etc. Thomas Telford,
Date of publication, distribution, etc. c1996.
300 ## - PHYSICAL DESCRIPTION
Extent 422 p. :
Other physical details ill. ;
Dimensions 24 cm.
526 ## - STUDY PROGRAM INFORMATION NOTE
Program name 0
Interest level 0
Reading level 0
Title point value 624_170000000000000_BIT
650 #0 - SUBJECT ADDED ENTRY--TOPICAL TERM
Topical term or geographic name entry element Numerical analysis.
9 (RLIN) 103
650 #0 - SUBJECT ADDED ENTRY--TOPICAL TERM
Topical term or geographic name entry element NUST
9 (RLIN) 6342
700 1# - ADDED ENTRY--PERSONAL NAME
Personal name Šejnoha, Jiří.
9 (RLIN) 42674
942 ## - ADDED ENTRY ELEMENTS (KOHA)
Source of classification or shelving scheme
Koha item type Book
Holdings
Withdrawn status Lost status Source of classification or shelving scheme Damaged status Not for loan Permanent Location Current Location Date acquired Total Checkouts Full call number Barcode Date last seen Price effective from Koha item type
          Military College of Engineering (MCE) Military College of Engineering (MCE) 06/12/2014   624.17 BIT MCE-43969 06/12/2014 06/12/2014 Book
© 2023 Central Library, National University of Sciences and Technology. All Rights Reserved.